| 000 | 00596nam a22002057a 4500 | ||
|---|---|---|---|
| 003 | UMwl | ||
| 005 | 20140310182808.0 | ||
| 008 | 130218t xxu||||| |||| 00| 0 eng d | ||
| 020 | _a9781416543077, 1416543074, 9781416543077 | ||
| 050 |
_aRC 552 _b.R845 2010 |
||
| 082 |
_aM 616.8526 _bR845 2010 |
||
| 245 |
_aWomen, food and God : _ban unexpected path to almost everything / _cRoth, Geneen |
||
| 260 |
_aNew York : _bScribner, _cc2010. |
||
| 300 |
_aviii, 211 p. _c21 cm. |
||
| 521 | _aCollege Students | ||
| 526 | _c1210L-1700L | ||
| 541 | _j1 | ||
| 562 | _e1 | ||
| 942 |
_2lcc _cBK _kM |
||
| 999 |
_c16127 _d16127 |
||